|
|
|
|
| LEADER |
01701nam a2200397 a 4500 |
| 001 |
30302 |
| 003 |
BD-DhAAL |
| 005 |
20220628143402.0 |
| 008 |
151207r20091995enk b 001 0 eng |
| 999 |
|
|
|c 36351
|d 36351
|
| 010 |
|
|
|a 94026587
|
| 020 |
|
|
|a 0521430534
|
| 020 |
|
|
|a 0521436338 (pbk.)
|
| 020 |
|
|
|a 9780521430531 Hardback
|
| 020 |
|
|
|a 9780521436335 Paperback
|
| 040 |
|
|
|a DLC
|c DLC
|d DLC
|d BD-DhAAL
|
| 043 |
|
|
|a e-fr---
|a e-uk---
|
| 050 |
0 |
0 |
|a JC571
|b .W873 1995
|
| 082 |
0 |
0 |
|a 323
|2 20
|
| 100 |
1 |
|
|a Wollstonecraft, Mary,
|d 1759-1797.
|9 16641
|
| 245 |
1 |
2 |
|a A vindication of the rights of men ; with, A vindication of the rights of woman, and Hints /
|c Mary Wollstonecraft ; edited by Sylvana Tomaselli.
|
| 260 |
|
|
|a Cambridge [England] ;
|a New York, NY, USA :
|b Cambridge University Press,
|c 1995 [reprinted 2009]
|
| 300 |
|
|
|a xxxviii, 349 p. ;
|c 22 cm.
|
| 490 |
|
0 |
|a Cambridge texts in the history of political thought
|
| 504 |
|
|
|a Includes bibliographical references and index.
|
| 541 |
|
|
|e 30302
|
| 600 |
1 |
0 |
|a Burke, Edmund,
|d 1729-1797.
|t Reflections on the Revolution in France.
|9 16642
|
| 650 |
|
0 |
|a Human rights.
|9 16643
|
| 650 |
|
0 |
|a Liberty.
|9 16644
|
| 650 |
|
0 |
|a Women's rights
|z Great Britain.
|9 16645
|
| 650 |
|
0 |
|a Women
|x Education
|z Great Britain.
|9 16646
|
| 651 |
|
0 |
|a France
|x History
|y Revolution, 1789-1799
|x Causes.
|9 16647
|
| 700 |
1 |
|
|a Tomaselli, Sylvana.
|9 16648
|
| 700 |
1 |
2 |
|a Wollstonecraft, Mary,
|d 1759-1797.
|t Vindication of the rights of woman.
|9 16649
|
| 942 |
|
|
|2 ddc
|c BK
|
| 952 |
|
|
|0 0
|1 0
|2 ddc
|4 0
|6 323_000000000000000_WOL
|7 0
|9 57168
|a BRACUL
|b BRACUL
|c GEN
|d 2015-12-07
|e Karim International
|g 1583.00
|l 5
|m 16
|o 323 WOL
|p 3010030302
|r 2026-03-02
|s 2026-02-23
|t 1
|w 2015-12-07
|y BK
|